ბათუმის შოთა რუსთაველის სახელმწიფო უნივერსიტეტის ბიბლიოთეკა

Полвека развития школьного математического образования в СССР. (ბიბ.ჩანაწერი № 38838)

000 -LEADER
fixed length control field 00689nam a2200205Ia 4500
001 - CONTROL NUMBER
control field 5246
003 - CONTROL NUMBER IDENTIFIER
control field GE_BSU
008 - FIXED-LENGTH DATA ELEMENTS--GENERAL INFORMATION
fixed length control field 181216s||||||||xx |||||||||||||| ||und||
040 ## - CATALOGING SOURCE
Transcribing agency GE_BSU
080 ## - UNIVERSAL DECIMAL CLASSIFICATION NUMBER
Universal Decimal Classification number 51(075.8)
100 ## - MAIN ENTRY--PERSONAL NAME
Personal name Андронов, И.К.
245 ## - TITLE STATEMENT
Title Полвека развития школьного математического образования в СССР.
245 ## - TITLE STATEMENT
Statement of responsibility, etc. Ред.А.А.Свечников
260 ## - PUBLICATION, DISTRIBUTION, ETC.
Place of publication, distribution, etc. Москва
260 ## - PUBLICATION, DISTRIBUTION, ETC.
Name of publisher, distributor, etc. Просвещение
260 ## - PUBLICATION, DISTRIBUTION, ETC.
Date of publication, distribution, etc. 1967
300 ## - PHYSICAL DESCRIPTION
Extent 179 с.22см.
653 ## - INDEX TERM--UNCONTROLLED
Uncontrolled term Полвека развития школьного математическог образования в СССР.о
942 ## - ADDED ENTRY ELEMENTS (KOHA)
Koha item type წიგნი
ეგზემპლარები
Withdrawn status Lost status Damaged status Not for loan Date acquired Barcode Date last seen Price effective from Koha item type
        2018-12-17 16055 2018-12-17 2018-12-17 წიგნი